000 00887nam a22003137a 4500
001 BR2016000756
003 BR-BrBNA
005 20230928104806.0
007 ta
008 230509b bl.||||| |||| 00| 0 por d
040 _aBR-BrBNA
_bpor
_cBiblioteca Nacional de Agricultura
041 _a(Por)
072 _aL01; L10
_b5213
090 _ 5213 BR2016000756
110 1 _aAssociação brasileira de angus, Porto Alegre, RS (Brasil)
_9808
245 1 _aAssociação brasileira de angus. Anuário 2013/2014
260 3 _aPorto Alegre, RS (Brasil):
_c2013.
300 _a208 p.
500 _a356 illus.; 90 tables
650 _aGADO DE CORTE
650 _aEXPOSIÇÃO PECUÁRIA
650 _aSELEÇÃO GENÉTICA
650 _aRAÇA
650 _aLINHAGEM
650 _aCRIAÇÃO
650 _aPRODUÇÃO DE CARNE
909 _a202309
_bLucia
_c55
_dLucia Elande
942 _cBK
999 _c81775
_d81775